000 00854nam a2200289Ia 4500
003 OSt
005 20221005092418.0
006 a|||||r|||| 00| 0
007 ta
008 221004b |||||||| |||| 00| 0 eng d
020 _a9781138949201 (pbk)
_cUKP 31.99
024 _a28939
037 _b76, 14/03/2017, Mallika Books
_cTextual
040 _aCRL
_cCRL
_beng
041 _2eng
_aeng
082 _aR4, Q6
100 _aBailey Jon S.
_9507669
245 0 _aEthics for behavior analysts by Jon S. Bailey and Mary R. Burch
250 _a3rd
260 _aNew York
_bRoutledge USA
_c2016
300 _axxiii,381p.
_ccm.
650 _a PHILOSOPHY
650 _aETHICS
700 _a Burch Mary R.,
_9507670
942 _hR4, Q6
_cTEXL
_2cc
999 _c998788
_d998788